000
00220 a2200097 4500
001
48481
100
_a
Fullard, H
245
_a
Cassell's new atlas of the world
260
_a
London
_b
Cassell's
_c
090
_c
31417
_d
31417
942
_a
NUST-CAE
_c
M
_c
23800
999
_c
283554
_d
283554